000 00276nam a22001337a 4500
008 181219b xxu||||| |||| 00| 0 eng d
020 _a61263008
041 _aeng
080 _22nd
_a330
100 _a52
101 _aEKO
245 _aEconomics
_cKirk,R
942 _2udc
_cBK
999 _c53514
_d53514